LEADER 00723nam0-22002651i-450- 001 990004735530403321 005 19990530 035 $a000473553 035 $aFED01000473553 035 $a(Aleph)000473553FED01 035 $a000473553 100 $a19990530g19319999km-y0itay50------ba 101 0 $aita 105 $af-------00--- 200 1 $a<>esthetique du Paysage$fpar Fr. Paulhan 210 $aParis$cLibr. F. Alcan$d1931. 215 $a248 p., 16 tav.$d19 cm 700 1$aPaulham,$bFrédéric$0401436 801 0$aIT$bUNINA$gRICA$2UNIMARC 901 $aBK 912 $a990004735530403321 952 $aSA 420$bFil. Mod. 6220$fFLFBC 959 $aFLFBC 996 $aEsthetique du Paysage$9558690 997 $aUNINA LEADER 03518oam 22008174a 450 001 9910794906003321 005 20221208204357.0 010 $a1-5261-2140-9 010 $a1-5261-2139-5 024 7 $a10.7765/9781526121394 035 $a(CKB)4340000000206920 035 $a(MiAaPQ)EBC5090777 035 $a(OCoLC)1132225031 035 $a(MdBmJHUP)muse77727 035 $a(DE-B1597)658866 035 $a(DE-B1597)9781526121394 035 $a(EXLCZ)994340000000206920 100 $a20171205d2017 uy 0 101 0 $aeng 135 $aurcnu|||||||| 181 $2rdacontent 182 $2rdamedia 183 $2rdacarrier 200 14$aThe state as master$eGender, state formation and commercialisation in urban Sweden, 1650?1780 /$fMaria A?gren 210 1$aManchester :$cManchester University Press,$d2017. 210 3$aBaltimore, Md. :$cProject MUSE,$d2020 210 4$d©2017. 215 $a1 online resource (186 pages) $cillustrations, table 225 0 $aGender in history 311 $a1-5261-0064-9 320 $aIncludes bibliographical references (pages 154-163) and index. 330 $aWe tend to think of state service as the typical male form of work. However, this notion does not do justice to the early history of states and their servants, and it obscures the role of women and gender entirely. Teasing out these entanglements, The state as master shows how early modern state formation was subsidized by ordinary people's work and how, at the same time, the changing relationship between state authorities and families shaped the understanding of work and gender. This book is both a fascinating story of the hardships of customs official families in small Swedish towns and an innovative analysis of state formation and its short- and long-term effects. 410 0$aGender in history. 606 $aWomen$2fast$3(OCoLC)fst01176568 606 $aSex role in the work environment$2fast$3(OCoLC)fst01114655 606 $aCustoms administration$xOfficials and employees$2fast$3(OCoLC)fst00885589 606 $aWomen$zSweden$xHistory$y18th century 606 $aWomen$zSweden$xHistory$y17th century 606 $aSex role in the work environment$zSweden 606 $aCustoms administration$zSweden$xOfficials and employees$xHistory$y18th century 606 $aCustoms administration$zSweden$xOfficials and employees$xHistory$y17th century 607 $aSweden$2fast 608 $aHistory. 610 $aChristian world view. 610 $aearly modern European culture. 610 $aearly modern state formation. 610 $ahostility. 610 $amutual help. 610 $asmall-scale market relations. 610 $asocial control. 610 $astate administration. 610 $astate servants. 610 $astate service. 610 $aviolence. 610 $awomen's role. 615 7$aWomen. 615 7$aSex role in the work environment. 615 7$aCustoms administration$xOfficials and employees. 615 7$aWomen$xHistory 615 7$aWomen$xHistory 615 7$aSex role in the work environment 615 7$aCustoms administration$xOfficials and employees$xHistory 615 7$aCustoms administration$xOfficials and employees$xHistory 676 $a352.4/480948509032 700 $aA?gren$b Maria$01470449 801 0$bMdBmJHUP 801 1$bMdBmJHUP 906 $aBOOK 912 $a9910794906003321 996 $aThe state as master$93682291 997 $aUNINA